000 00921nam a2200241Ia 4500
003 GCL
008 140319s9999 xx 000 0 ara d
040 _aGCL /
_cGCL
082 0 4 _a330.9
_bث م
100 1 _aمحمد فريد
245 1 0 _aالمتناطحون : المعركة الاقتصادية القادمة بين اليابان واوربا وامريكا /
_cمحمد فريد
700 1 _aثرو، لستر
300 _a297 ص
490 _aدراسات مترجمة
_v0
650 0 4 _aالتخطيط الاقتصادى
650 0 4 _aاليابان
650 0 4 _aالاقتصاد الدولى
650 0 4 _aالتنمية الاقتصادية
650 0 4 _aاوربا - الاحوال الاقتصادية
650 0 4 _aاليابان - الاحوال الاقتصادية
650 0 4 _aالولايات المتحدة الامريكية - الاحوال الاقتصادية
942 _2ddc
_cBK
999 _c49163
_d49163